000 01414nam a22002057a 4500
003 OSt
005 20250109164008.0
008 190125b2019 ||||| |||| 00| 0 eng
020 _a9789388313926
040 _cnls
082 _a343.0558 BAT-I
100 _aBatra Ashok
245 _aGST law and procedure Vol. I to Vol. 3
250 _a3rd Ed
260 _aHaryana
_bWolter Kluwer
_c2019
300 _aHB
505 _aDescription : Goods and Services Tax [‘GST’], the much talked about and the most awaited indirect Tax reform in the history of independent India has been implemented with effect from 01.07.2017. In order to thoroughly understand nities and gritties of the new tax regime, requirement of a comprehensive book in simple and lucid language can not be ruled out. Keeping in view the aforesaid objective, the present three volume book is being published. Since the salient features of the book are highlighted on the cover-page of the book, they are given here again. However, it is necessary to add here that the greatest strength of the book lies in its examples on applicability of substantial number of applicable statutory provisions and rules. It is expected that the examples shall go a long way in imparting better understanding of the complicated provisions and rules.
600 _aGoods - Service Tax - Practice & Procedures
_aService Tax Law - Practice
942 _2ddc
_cBK
999 _c112531
_d112531